MARC

LEADER 00000nas a2200000 a 4500
001 ssj0006177
003 WaSeSS
005 20200512172242.0
006 m d
007 cr n
008 000426c19319999enkqr pss o 0 0eng c
010 |a  2007234106 
016 7 |a 1466487-2  |2 DE-600 
022 |a 1469-817X  |l 0031-8191  |y 0031-8191 
035 |a (WaSeSS)ssj0006177 
037 |b Cambridge University Press, The Edinburgh Building, Shaftesbury Road, Cambridge CB2 2RU, United Kingdom 
040 |a F#A  |b eng  |c F#A  |d OCLCQ  |d OCLCS  |d HNK  |d EYM  |d HUL  |d OCLCQ  |d OCLCF  |d GUA  |d OCLCQ  |d DEBBG  |d CEF  |d VT2  |d NJT  |d WaSeSS 
042 |a pcc 
050 1 4 |a B1 
082 0 4 |a 100 
130 0 |a Philosophy (London, England : Online) 
245 1 0 |a Philosophy  |h [electronic resource]. 
260 |a London :  |b Macmillan & Co.,  |c 1931- 
310 |a Quarterly,  |b 1948- 
321 |a Quarterly,  |b 1931-1942 
321 |a 3 times a year,  |b 1943-1947 
362 0 |a Vol. 6, no. 22 (Apr. 1931)- 
500 |a Title from caption (JSTOR, viewed Mar. 14, 2007). 
500 |a Published: Cambridge ; New York : Cambridge University Press, 1975- 
506 |a License restrictions may limit access. 
538 |a Mode of access: World Wide Web. 
550 |a Journal of the British Institute of Philosophical Studies, Apr.-Oct. 1931; of the British Institute of Philosophy, 1932-July 1947; of the Royal Institute of Philosophy, Nov. 1947- 
580 |a Has supplements: Royal Institute of Philosophy lectures, 1966/1967-1990; Royal Institute of Philosophy supplement, 1991- 
588 |a Latest issue consulted: Vol. 76, no. 298 (Oct. 2001) (JSTOR, viewed Mar. 14, 2007). 
650 0 |a Philosophy  |v Periodicals. 
650 0 |a Philosophy  |x Societies, etc. 
650 7 |a Philosophy.  |2 fast  |0 (OCoLC)fst01060777 
650 7 |a Philosophy  |x Societies, etc.  |2 fast  |0 (OCoLC)fst01060808 
655 0 |a Electronic journals. 
710 2 |a British Institute of Philosophical Studies. 
710 2 |a British Institute of Philosophy. 
710 2 |a Royal Institute of Philosophy. 
770 1 |t Royal Institute of Philosophy lectures (Online) 
770 1 |t Royal Institute of Philosophy supplement (Online)  |w (OCoLC)78471904 
776 1 |t Philosophy (London, England)  |x 0031-8191  |w (DLC) 27011362  |w (OCoLC)1762289 
780 0 0 |t Journal of philosophical studies (Online)  |w (DLC) 2007234107  |w (OCoLC)85848913 
856 4 0 |z Full text available from Research Library: 01/01/2001 to 1 year ago  |u https://search.proquest.com/publication/36754